The 108 Stars of Destiny of Suikoden III by Picture - Statistics

General Stats
  • This quiz has been taken 8 times
  • The average score is 91 of 108
Answer Stats
Picture Answer % Correct
Ace
100%
Aila
100%
Apple
100%
Augustine Nabor
100%
Ayame
100%
Beecham
100%
Belle
100%
Borus Redrum
100%
Bright
100%
Cecile
100%
Chris Lightfellow
100%
Duke
100%
Dupa
100%
Franz
100%
Fubar
100%
Futch
100%
Gadget Z
100%
Gau
100%
Geddoe
100%
Hugo
100%
Jacques
100%
Jeane
100%
Joker
100%
Kathy
100%
Landis
100%
Lilly Pendragon
100%
Louis Keeferson
100%
Luc
100%
Lucia
100%
Mel
100%
Nash Latkje
100%
Percival Fraulein
100%
Queen
100%
Rhett
100%
Roland Lesaurus
100%
Ruby
100%
Sarah
100%
Sgt. Joe
100%
Sharon
100%
Thomas
100%
Toppo
100%
Viki
100%
Viki (young)
100%
Yuber
100%
Yumi
100%
Barts
88%
Elaine
88%
Elliot
88%
Emily
88%
Fred Maximillian
88%
Gordon
88%
Guillaume
88%
Hallec
88%
Jimba
88%
Juan
88%
Kidd
88%
Leo Galan
88%
Melville
88%
Mua
88%
Piccolo
88%
Rico
88%
Salome Harris
88%
Samus
88%
Sanae Yamamoto
88%
Sasarai
88%
Shiba
88%
Tuta
88%
Wilder
88%
Yuiri
88%
Albert Silverberg
75%
Arthur
75%
Bazba
75%
Caesar Silverberg
75%
Edge
75%
Goro
75%
Luce
75%
Martha
75%
Muto
75%
Nadir
75%
Nei
75%
Reed
75%
Sebastian
75%
Twaikin
75%
Watari
75%
Yun
75%
Alanis
63%
Anne
63%
Billy
63%
Dominic
63%
Eike
63%
Ernie
63%
Estella
63%
Hortez VII
63%
Jefferson
63%
Koroku
63%
Mike
63%
Peggi
63%
Rody
63%
Wan Fu
63%
Dios
50%
Iku
50%
Kenji
50%
Mamie
50%
Mio
50%
Nicolas
50%
Scott
50%
Shabon
50%
Shizu
50%
No matching quizzes found
Score Distribution
Percent of People with Each Score
Percentile by Number Answered
Your Score History
You have not taken this quiz